Interaktívne návody pre virtuálny regulátor DC1020
Gespeichert in:
| 1. Verfasser: | |
|---|---|
| Weitere Verfasser: | |
| Format: | Manuskript Buch |
| Sprache: | Slowakisch |
| Veröffentlicht: |
2016
|
| Schlagworte: | |
| Online-Zugang: | http://is.stuba.sk/zp/portal_zp.pl?podrobnosti=106148 |
| Tags: |
Keine Tags, Fügen Sie das erste Tag hinzu!
|
MARC
| LEADER | 00000ntm a22000003a 4500 | ||
|---|---|---|---|
| 001 | stuzp55353 | ||
| 003 | SK-STU | ||
| 005 | 20160719154736.6 | ||
| 007 | ta | ||
| 008 | 150427s2015----xo-----f-mn---000-0-slo-d | ||
| 040 | |a STU |b slo | ||
| 041 | 0 | |a slo | |
| 100 | 1 | |a Minarčíková, Ivana |u 066000 |4 aut |U MTF Materiálovotechnologická fakulta |T MTF Ústav aplikovanej informatiky, automatizácie a mechatroniky |X 71857 |U M6000 |Y 86 |7 71857 | |
| 242 | 0 | 1 | |a Interactive manuals for virtual controller DC 1020 |y eng |
| 245 | 1 | 0 | |a Interaktívne návody pre virtuálny regulátor DC1020 |
| 260 | |c 2016 | ||
| 650 | 4 | |a virtuálny regulátor |2 slo | |
| 650 | 4 | |a interaktívny manuál |2 slo | |
| 650 | 4 | |a webová stránka |2 slo | |
| 650 | 4 | |a virtual controller |2 eng | |
| 650 | 4 | |a interactive manual |2 eng | |
| 650 | 4 | |a web page |2 eng | |
| 700 | 1 | |a Kopček, Michal |4 ths |X 16383 |7 A000016383 | |
| 856 | 4 | |u http://is.stuba.sk/zp/portal_zp.pl?podrobnosti=106148 | |
| 996 | |c M* BP-7599 |l MMSKP |s P |a 0 |w stuzp55353_0001 | ||
| SQL | |a stuzp55353 |b DBP |c SLO |d Interaktívne návody pre virtuálny regulátor DC1020 |e 71857 |f Minarčíková, Ivana |g 066000 |h 16383 |i Kopček, Michal |j 20160622 |k 168 |l 06 |m http://is.stuba.sk/zp/portal_zp.pl?podrobnosti=106148 |n B-AIA |o 5.2.14. automatizácia, 9.2.9. aplikovaná informatika | ||